000 00225nam a22000857a 4500
008 170601b xxu||||| |||| 00| 0 eng d
100 _93218
_aShastri. C
245 _aThe Elephants gods appetite
260 _aNew Delhi
_bDevamala
_c2001
999 _c6531
_d6531